| 000 | 00457caa a22001932a 4500 | ||
|---|---|---|---|
| 001 | 001639 | ||
| 003 | AR-FADEU | ||
| 008 | 311216n############xxu####################dd | ||
| 092 | _aPP(330.8)EST | ||
| 100 | _aMitnik, Oscar | ||
| 245 | _bEducación y pobreza. Un estudio sobre el Gran Córdoba | ||
| 245 | _aEstudios | ||
| 300 | _a181-188 | ||
| 440 | _n79 | ||
| 260 | _coct. dic. 1996 | ||
| 650 | _aEDUCACION | ||
| 650 | _aPOBREZA | ||
| 942 | _cPPGR | ||
| 999 |
_c4417 _d4417 |
||